000 00605nam a2200241Ia 4500
003 OSt
005 20221007071307.0
006 a|||||r|||| 00| 0
007 ta
008 221006b |||||||| |||| 00| 0 eng d
024 _a24,972
037 _cTextual
040 _aFLL
_cFLL
_beng
041 _2eng
_aeng
082 _aZ3:211, G9
100 _aTopham Alfred F.
245 0 _aReal Property
250 _a9th
260 _aLondon
_bButterworth & Co. UK
_c1939
300 _axlii,455,56p
_ccm.
942 _hZ3:211, G9
_cTEXL
_2CC
999 _c1142968
_d1142968